| 000 | 00349nam a22001337a 4500 | ||
|---|---|---|---|
| 020 | _a9780471135968 | ||
| 040 | _cNust | ||
| 082 |
_a515.35 _bBOR |
||
| 100 |
_aRobert L. Borrelli _9126831 |
||
| 245 | _aDifferential equations | ||
| 260 |
_aNew York: _bJohn Willey and sons inc, _c1996. |
||
| 650 |
_aDifferential equations _9688 |
||
| 942 |
_2ddc _cBK |
||
| 999 |
_c612279 _d612279 |
||